000 00291nam a2200121Ia 4500
008 150201s2004 xx 000 0 und d
082 _a150
_bS04K
100 _aKHAN , M.A.
245 _aPSYCHOLOGY FOR NURSES
260 _bACADEMA PUB.
_aDELHI
_c2004
650 _aPSYCHOLOGY
942 _2ddc
_cBK
999 _c1859
_d1859